Welches Land im Zweiten Weltkrieg? - Statistiken

Allgemein
  • Dieses Quiz wurde 401 mal gespielt
  • Das Durchschnittsergebnis liegt bei 11 aus 20
Antwortstatistiken
Hinweis Antwort % Korrekt
Benito Mussolini war ihr "Duce" Italien
98%
Am 1. September 1939 wurde es von Deutschland überfallen - dies wird oft als der Beginn des Kriegesbezeichnet Polen
95%
Es hatte etwa 10 Millionen militärische Tote zu beklagen, so viele wie kein anderes Land. Sowjetunion
91%
Wurde 1938 durch den "Anschluss" von Deutschland annektiert Österreich
89%
Wo Anne Frank und ihre Familie auf einem Dachboden Zuflucht fanden Niederlande
88%
Es produzierte die größte Anzahl von Fahrzeugen, Flugzeugen und Schiffen von allen Ländern. Vereinigte Staaten
88%
Ihr Anführer sagte, sie würden "an den Stränden" kämpfen, wenn es nötig sei. Vereinigtes Königreich
67%
Land, in das die Sowjets während des Winterkriegs 1939-1940 einmarschiert sind, das sie aber nicht erobern konnten Finnland
66%
Wo Rommels Panzer in der Zweiten Schlacht von El Alamein endgültig zurückgeschlagen wurden Ägypten
62%
Das Sudetenland wurde von diesem Land 1938 auf der Münchner Konferenz an Deutschland abgetreten. Tschechoslowakei
62%
Einige Soldaten aus diesem Land haben sich noch lange nach Kriegsende im Dschungel versteckt und gekämpft. Japan
61%
Produzierte das erste Düsenjagdflugzeug, das jemals im Einsatz war Deutschland
57%
Inselstaat, der vom Vereinigten Königreich, den USA und Kanada besetzt wurde, um zu verhindern, dass erin deutsche Hände fällt Island
51%
Inselstaat unter britischer Herrschaft, den die Nazis erfolglos versuchten, durch Bomben zu unterwerfen Malta
39%
Asiatisches Land, in dem 1943 das erste Treffen der "Großen Drei" der Alliierten stattfand Iran
30%
Obwohl offiziell neutral, kämpften Freiwillige aus der "Blauen Division" dieses Landesauf der Seite der Deutschen Spanien
30%
General MacArthur floh 1942 aus diesem Land und kehrte 1944 zurück. Philippinen
23%
Wo 80.000 britische und alliierte Truppen 1942 vor den Japanern kapitulierten, obwohl sie den Befehl hatten,bis zum letzten Mann zu kämpfen Singapur
15%
Ein oft benutzer Landweg durch dieses Land ermöglichte den Alliierten die Versorgung Chinas Burma
13%
Schauplatz der alliierten Invasionen während der "Operation Torch" Ende 1942 Algerien / Marokko
13%
Keine übereinstimmenden Quizze gefunden
Verteilung der Resultate
Anzahl Personen mit jedem Resultat
Perzentil nach korrekt beantworteten Fragen
Ihre Resultats-Entwicklung
Sie haben dieses Quiz noch nicht gespielt